00808cam a22002297a 4500003000500000005001700005008004100022010001000063011001000073035001100083040000900094100002900103245014700132260004100279300002600320502007700346650002900423650002600452650002800478650001900506856005300525CHAP20240507101448.0040830d2004 mx ab r 00110 spa d a88757 a89729 a100280 cCHAP00aOlvera Alvarado, Flavia.10aEvaluación técnica financiera de lisianthus (Eustoma grandiflorum Shinn.) para flor de corte bajo invernaderoc/por Flavia Olvera Alvarado aChapingo, Méx. :bEl autor,c2004. a80 h. ;bilus. ; mapa aTesis (Ing. Agr. Esp. en Fitotecnia) -- UACH. Departamento de Fitotecnia14aCultivos en invernadero.14aEustoma grandiflorum.14aFinanzasxEvaluación.14aFloresxCorte. uhttp://10.13.5.2/tesis/100280.pdfzDESCARGAR PDF